| 000 | 00403nam a2200181Ia 4500 | ||
|---|---|---|---|
| 005 | 20251020182553.0 | ||
| 008 | 200515s9999 xx 000 0 und d | ||
| 082 | _aR/681.322.2/D75 | ||
| 100 | _aDONG, Wei GIBSON, Kathleen | ||
| 245 | 0 | _aarquitectura y diseño | |
| 260 | _aMéxico, D.F. | ||
| 260 | _c1998 | ||
| 300 | _a219 | ||
| 650 | _a3D | ||
| 650 | _aAUTOCAD | ||
| 650 | _aLIB | ||
| 942 | _cLIB | ||
| 999 |
_c2806 _d2806 |
||